| 000 | 01044nam a2200241Ia 4500 | ||
|---|---|---|---|
| 001 | 371.94-BIA fr fr (21130) | ||
| 003 | IT-MiSPE | ||
| 008 | 171229s9999||||xx |||||||||||||| ||und|| | ||
| 040 |
_aIT-MiSPE _cIT-MiSPE |
||
| 041 | _aITALIANO | ||
| 100 | _aFranca Bianchi | ||
| 245 | 0 |
_aFrancesco e la chiave del suo mondo _bAutismo e musicoterapia |
|
| 250 | _a1a ed. (v) | ||
| 260 |
_aMilano _bPaoline _c2010 |
||
| 300 |
_a215 p. _c21 cm |
||
| 490 |
_aLibroteca P. _v119 |
||
| 500 | _aAutismo | ||
| 501 | _aEdizioni San Paolo srl - Piazza Soncino, 5 - 20092 CINISELLO BALSAMO (MI) (non commercial uses only) ® Copyright 2018 | ||
| 700 | _a Antonia D'Arcangelo | ||
| 942 | _cBK | ||
| 957 | _71 | ||
| 999 |
_a9815 _bNO _g Copie: 1 _c350858 _d350858 |
||